000 00737nam a22001577a 4500
003 OSt
005 20151003162001.0
008 151003b xxu||||| |||| 00| 0 eng d
040 _cRUA
082 _aAVM SEN 1998 B071 Or.1
100 _91939
_aSENG, YOUSE.
245 _aThe effect ciency of feed for layer production (BOVANS BROWN) at pouldry farm rua, ប្រសិទ្ធភាពចំណីសំរាប់ចិញ្ចឹមមាន់ផ្ដល់ស៊ុតពូជBOVANS BROWN នៅកសិដ្ឋានចិញ្ចឹមមាន់នៅសាកលវិទ្យាល័យភូមិន្ទកសិកម្ម
260 _aPhnom Penh
_bRUA
_c1998
300 _a49p.
_bill.
_c29cm.
942 _2ddc
_cAVM
999 _c1832
_d1832